|
|
|
|
| LEADER |
00000nab a2200000 a 4500 |
| 001 |
vtls011733379 |
| 003 |
SK-MaSNL |
| 005 |
20260303203415.0 |
| 008 |
230704|1950 xo |||||||||||||||||slo |
| 015 |
|
|
|a SNBRB
|
| 035 |
|
|
|a (urnnbn)urn:nbn:sk:snk:ar-00259c
|
| 035 |
|
|
|a urn:nbn:sk:snk-abfalh
|
| 035 |
|
|
|a (uuid)f255af5f-6a36-41be-90d5-e7f932221a8d
|
| 040 |
|
|
|a SNKBUCL
|b slo
|c SNKBUCL
|e AACR2
|
| 041 |
0 |
|
|a slo
|
| 044 |
|
|
|a xo
|c SK
|
| 100 |
1 |
|
|a Pišút, Milan,
|d 1908-1984
|4 aut
|9 106532
|
| 245 |
1 |
0 |
|a Nad literárnym dielom L. N. Tolstého
|c Milan Pišút
|
| 600 |
1 |
7 |
|a Tolstoj, Lev Nikolajevič,
|d 1828-1910
|2 SNKMA
|9 14566
|
| 773 |
0 |
|
|t Slovenské pohľady
|g Roč. 66, č. 10 (1950), s. 637-645
|
| 850 |
|
|
|a Slovenská národná knižnica
|
| 852 |
|
|
|a Slovenská národná knižnica
|
| 954 |
|
|
|a odborná, vedecká literatúra pôvodná (slovenská)
|2 lita
|
| 958 |
|
|
|a OND
|
| 958 |
|
|
|a EUIPO
|
| 958 |
|
|
|a article24
|
| 999 |
|
|
|c 2185239
|d 2187169
|